00613ngm a2200145 i 4500001001100000003000500011005001700016008004100033040002500074245001600099264007000115500024500185700001100430700002600441C2-0344392PPAK20180727222908.0171231s2016 my |||| ||||| | vlzxx d aPPAKbengcPPAKerda10aSky on fire 1aKuala Lumpur : bGolden Satellite Distribution Sdn. Bhd. , c2017 aSummary : In this driving, non-stop action thriller, the chief security officer at a top-secret medical facility (Daniel Wu, Into the Badlands) finds himself caught in an explosive battle when a young thief and his accomplices steal a groun eauthor1 aLam, Ringo, ecompile